[Event "Mondiale Lampo FIDE 2022"]
[Site "Alma Ata"]
[Date "30.12.2022"]
[Round "17.10"]
[White "Yu, Yangyi"]
[Black "Moussard, Jules"]
[Result "1-0"]
[WhiteTitle ""]
[BlackTitle ""]
[WhiteElo "2728"]
[BlackElo "2684"]
[WhiteFideId "8603820"]
[BlackFideId "642908"]
[EventDate "29.12.2022"]

1. d4 Nf6 2. c4 e6 3. Nf3 d5 4. Nc3 c5 5. cxd5 cxd4 6. Qa4+ Bd7 7. Qxd4 exd5 8.
Nxd5 Qa5+ 9. Nc3 Nc6 10. Qd1 O-O-O 11. Bd2 Bg4 12. a3 Kb8 13. h3 Bh5 14. g4 Bg6
15. Bg2 Bd6 16. O-O Rhe8 17. b4 Qb6 18. Qb3 Nd4 19. Nxd4 Qxd4 20. Rad1 Nxg4 21.
hxg4 Qxg4 22. Nb5 Be5 23. Qf3 Qxf3 24. Bxf3 Bc2 25. e3 Bxd1 26. Rxd1 a6 27. Nc3
Rd3 28. Nb1 Red8 29. Kf1 g6 30. Ke2 h5 31. Rh1 Rb3 32. Be4 Rb2 33. f4 Bc3 34.
Rd1 Bxd2 35. Nxd2 Ra2 36. Bd3 Rxa3 37. Nc4 Ra2+ 38. Kf3 f6 39. e4 b5 40. Ne3 Ra3
41. Nd5 f5 42. Kf2 fxe4 43. Bxe4 Rb3 44. Rg1 Rd6 45. Rxg6 Rxg6 46. Bxg6 Kc8 47.
f5 Kd7 48. f6 Rb2+ 49. Kf3 Rd2 50. f7 Rd1 51. Ke2 Rxd5 52. f8=Q Re5+ 53. Kd3
Rd5+ 54. Ke4 Rd6 55. Be8+ 1-0

[Event "Mondiale Lampo FIDE 2022"]
[Site "Alma Ata"]
[Date "30.12.2022"]
[Round "17.11"]
[White "Grischuk, Alexander"]
[Black "Sanal, Vahap"]
[Result "1-0"]
[WhiteTitle ""]
[BlackTitle ""]
[WhiteElo "2745"]
[BlackElo "2597"]
[WhiteFideId "4126025"]
[BlackFideId "6300545"]
[EventDate "29.12.2022"]

1. Nf3 d5 2. g3 g6 3. Bg2 Bg7 4. O-O Nf6 5. d3 O-O 6. Nc3 Nc6 7. e4 d4 8. Nb1 e5
9. a4 Ne8 10. Na3 Nd6 11. Nd2 Be6 12. b3 f5 13. exf5 Bxf5 14. Nac4 Qd7 15. Ba3
Rf7 16. Qe2 h5 17. h4 Bg4 18. Qe1 Re8 19. Ne4 Nxe4 20. Qxe4 Bf5 21. Qd5 Qc8 22.
Nd2 Rd8 23. Qf3 e4 24. Qe2 exd3 25. cxd3 Ne5 26. Ne4 Bg4 27. f3 Bf5 28. Rad1 a5
29. Bc1 Re8 30. Bf4 b6 31. Bxe5 Rxe5 32. f4 Re8 33. Kh2 c5 34. Qc2 Qd8 35. Ng5
Rfe7 36. Qc4+ Kh8 37. Be4 Rf8 38. Rde1 Bf6 39. Bxf5 gxf5 40. Re6 Bxg5 41. hxg5
Rxe6 42. Qxe6 Qe8 43. Re1 Qxe6 44. Rxe6 Rb8 45. Kh3 b5 46. Kh4 c4 47. dxc4 bxc4
48. bxc4 Rd8 49. Re2 Kg7 50. c5 d3 51. Rd2 Kg6 52. c6 Rc8 53. Rxd3 Rxc6 54. Rd5
Rc2 55. Kh3 Rc1 56. Rxa5 Rh1+ 57. Kg2 Ra1 58. Ra6+ Kg7 59. a5 Ra2+ 60. Kh3 Ra1
61. Ra8 Ra2 62. Ra7+ Kg6 63. Ra6+ Kg7 64. Ra8 Kg6 65. a6 Kf7 66. a7 Kg7 67. g6
Ra3 68. Kh4 Ra6 69. Kxh5 Ra3 70. Kg5 Rxg3+ 71. Kxf5 Ra3 72. Ke4 Ra4+ 73. Kd3
Ra3+ 74. Kc2 Ra6 75. f5 1-0

[Event "Mondiale Lampo FIDE 2022"]
[Site "Alma Ata"]
[Date "30.12.2022"]
[Round "17.12"]
[White "Bluebaum, Matthias"]
[Black "Nihal, Sarin"]
[Result "0-1"]
[WhiteTitle ""]
[BlackTitle ""]
[WhiteElo "2657"]
[BlackElo "2670"]
[WhiteFideId "24651516"]
[BlackFideId "25092340"]
[EventDate "29.12.2022"]

1. d4 d5 2. c4 e6 3. Nc3 h6 4. cxd5 exd5 5. Bf4 c6 6. e3 Bf5 7. Bd3 Bxd3 8. Qxd3
Bd6 9. Nge2 Nf6 10. O-O O-O 11. Rab1 a5 12. a3 Re8 13. Qc2 Na6 14. h3 Nc7 15. b4
axb4 16. axb4 Ne6 17. Bxd6 Qxd6 18. b5 g6 19. bxc6 bxc6 20. Rfc1 Ra6 21. Ra1
Rxa1 22. Rxa1 c5 23. dxc5 Qxc5 24. Qd2 Rd8 25. Nd4 Nxd4 26. exd4 Qc6 27. Rc1 Kg7
28. Qf4 Re8 29. Qd2 Qc4 30. Kh2 h5 31. Rc2 Rc8 32. f3 h4 33. Rc1 Qb4 34. Qe3 Re8
35. Qf4 Qb2 36. Na4 Qf2 37. Rc7 Re1 38. Rxf7+ Kxf7 39. Qc7+ Re7 40. Qf4 Kg7 41.
Nc5 Nh5 42. Qg5 Qg3+ 0-1

[Event "Mondiale Lampo FIDE 2022"]
[Site "Alma Ata"]
[Date "30.12.2022"]
[Round "17.13"]
[White "Matlakov, Maxim"]
[Black "Le, Tuan Minh"]
[Result "0-1"]
[WhiteTitle ""]
[BlackTitle ""]
[WhiteElo "2662"]
[BlackElo "2542"]
[WhiteFideId "4168003"]
[BlackFideId "12401153"]
[EventDate "29.12.2022"]

1. d4 d5 2. c4 c6 3. Nf3 Nf6 4. e3 Bf5 5. Nc3 e6 6. Nh4 Be4 7. f3 Bg6 8. Bd2 Be7
9. Nxg6 hxg6 10. Qc2 dxc4 11. Bxc4 b5 12. Be2 a6 13. O-O-O Nbd7 14. Kb1 c5 15.
d5 exd5 16. Bc1 Nb6 17. f4 Qc7 18. Bf3 Rd8 19. g4 d4 20. Ne2 dxe3 21. g5 Nfd5
22. h4 Kf8 23. f5 Nb4 24. Qe4 gxf5 25. Qxf5 Nc4 26. a3 Nc6 27. h5 Nd2+ 28. Bxd2
exd2 29. Nc3 Nd4 30. Qg4 Qd7 31. g6 Qxg4 32. Bxg4 fxg6 33. hxg6 Rxh1 34. Rxh1
Bf6 35. Ne4 Ke7 36. Nxd2 Rd5 37. Ne4 Re5 38. Nc3 b4 39. axb4 cxb4 40. Na2 a5 41.
Nc1 Rg5 42. Re1+ Kd6 43. Bc8 Rxg6 44. Nd3 Rg2 45. Nf4 Rf2 46. Nd3 Rh2 47. Bg4
Nb3 48. Bd1 Nc5 49. Re2 Rxe2 50. Bxe2 Nxd3 51. Bxd3 Ke5 52. Kc2 Kf4 53. Bg6 a4
54. Be8 a3 55. bxa3 bxa3 56. Kb3 Be7 57. Bg6 Kg5 0-1

[Event "Mondiale Lampo FIDE 2022"]
[Site "Alma Ata"]
[Date "30.12.2022"]
[Round "17.14"]
[White "Salem, A.R. Saleh"]
[Black "Abdusattorov, Nodirbek"]
[Result "1-0"]
[WhiteTitle ""]
[BlackTitle ""]
[WhiteElo "2677"]
[BlackElo "2713"]
[WhiteFideId "9301348"]
[BlackFideId "14204118"]
[EventDate "29.12.2022"]

1. d4 d5 2. c4 e6 3. Nc3 c5 4. cxd5 cxd4 5. Qa4+ Bd7 6. Qxd4 exd5 7. Qxd5 Nf6 8.
Qd1 Bc5 9. Nf3 O-O 10. e3 Qe7 11. Be2 Rd8 12. O-O Nc6 13. Qc2 Rac8 14. Bd2 Nb4
15. Qb1 Bc6 16. a3 Nbd5 17. Rd1 h6 18. Nxd5 Bxd5 19. b4 Bd6 20. Nd4 Qe5 21. f4
Qe8 22. Qb2 Ne4 23. Rac1 Bc7 24. Bg4 Bb6 25. Bxc8 Rxc8 26. Nf5 Nc3 27. Rxc3 Rd8
28. Rd3 f6 29. Bc1 1-0

[Event "Mondiale Lampo FIDE 2022"]
[Site "Alma Ata"]
[Date "30.12.2022"]
[Round "17.15"]
[White "Shankland, Sam"]
[Black "Shimanov, Aleksandr"]
[Result "0-1"]
[WhiteTitle ""]
[BlackTitle ""]
[WhiteElo "2710"]
[BlackElo "2581"]
[WhiteFideId "2004887"]
[BlackFideId "4198603"]
[EventDate "29.12.2022"]

1. c4 e6 2. g3 g6 3. Bg2 Bg7 4. Nf3 d5 5. d4 Ne7 6. O-O O-O 7. Nc3 Nbc6 8. e3 b6
9. Qe2 Ba6 10. b3 Na5 11. Ba3 Re8 12. Rac1 Rc8 13. Rfd1 Nf5 14. Qe1 c6 15. Ne5
Nd6 16. c5 Nf5 17. Bb4 Nb7 18. Na4 Bb5 19. Nd3 Bxd3 20. Rxd3 b5 21. Nb2 a5 22.
Bd2 e5 23. dxe5 Bxe5 24. Nd1 Ra8 25. Bh3 Qf6 26. Qf1 h5 27. Nc3 Ng7 28. Ne2 Ne6
29. Bxe6 Qxe6 30. a3 Qf5 31. Nd4 Bxd4 32. Rxd4 Nd8 33. Qd3 Qxd3 34. Rxd3 a4 35.
b4 Ne6 36. Bc3 Ng5 37. Kg2 Re6 38. Bd4 Rae8 39. f3 f6 40. h4 Nh7 41. Kf2 Kf7 42.
Rg1 Nf8 43. g4 hxg4 44. Rxg4 Nd7 45. Rd1 Rh8 46. Rdg1 Rh6 47. Rf4 Ke7 48. Rfg4
Kf7 49. Rf4 Kg7 50. Rfg4 Kf7 51. Rf4 Ke7 52. Rfg4 f5 53. Rg5 Kf7 54. h5 Rxh5 55.
Rxh5 gxh5 56. Rg5 Rh6 57. Rxf5+ Ke6 58. Rg5 h4 59. Kg2 h3+ 60. Kh2 Kf7 61. Rg3
Ke6 62. Rxh3 Rxh3+ 63. Kxh3 Kf5 64. Kh4 Nf8 65. Kh5 Ne6 66. Bc3 Ng5 67. f4 Ne4
68. Be1 Nf6+ 69. Kh4 d4 70. exd4 Kxf4 71. Kh3 Ke4 72. Kg3 Nd5 73. Kf2 Kxd4 74.
Ke2 Kc4 75. Bd2 Kb3 76. Bc1 Kc2 77. Bh6 Kb2 0-1

[Event "Mondiale Lampo FIDE 2022"]
[Site "Alma Ata"]
[Date "30.12.2022"]
[Round "17.17"]
[White "Vakhidov, Jakhongir"]
[Black "Kobalia, Mikhail"]
[Result "1-0"]
[WhiteTitle ""]
[BlackTitle ""]
[WhiteElo "2607"]
[BlackElo "2577"]
[WhiteFideId "14201801"]
[BlackFideId "4119150"]
[EventDate "29.12.2022"]

1. c4 c6 2. Nc3 d5 3. d4 Nf6 4. cxd5 cxd5 5. Bf4 Nc6 6. e3 e6 7. Bd3 Bd6 8. Bxd6
Qxd6 9. f4 O-O 10. Nf3 Nb4 11. Bb1 b6 12. a3 Nc6 13. Bd3 Bb7 14. O-O Ne7 15. Ne5
Ne4 16. Bxe4 dxe4 17. Qa4 f6 18. Nc4 Qd8 19. Nd2 Nd5 20. Nxd5 Bxd5 21. Rac1 Rf7
22. Rc3 Rc7 23. Rfc1 Rxc3 24. Rxc3 Rc8 25. Qxa7 Rxc3 26. bxc3 Qc8 27. Qa4 h5 28.
c4 Bc6 29. Qb4 Qc7 30. h4 Kh7 31. Kf2 Kg6 32. Nb1 Bb7 33. Nc3 Ba6 34. d5 Qxc4
35. Qxc4 Bxc4 36. dxe6 Bxe6 37. Nxe4 Kf5 38. Nd6+ Kg4 39. g3 g5 40. Ne4 gxh4 41.
Nxf6+ Kf5 42. Ne8 Kg4 43. gxh4 Kxh4 44. Nf6 Bf7 45. e4 Kh3 46. f5 h4 47. e5 Bc4
48. e6 Kh2 49. e7 Bf7 50. e8=Q Bxe8 51. Nxe8 h3 52. f6 Kh1 53. f7 1-0

[Event "Mondiale Lampo FIDE 2022"]
[Site "Alma Ata"]
[Date "30.12.2022"]
[Round "17.18"]
[White "Sadhwani, Raunak"]
[Black "Indjic, Aleksandar"]
[Result "0-1"]
[WhiteTitle ""]
[BlackTitle ""]
[WhiteElo "2627"]
[BlackElo "2636"]
[WhiteFideId "35093487"]
[BlackFideId "911925"]
[EventDate "29.12.2022"]

1. d4 Nf6 2. Bf4 d6 3. Nc3 Nbd7 4. Nf3 Nh5 5. Bc1 Nhf6 6. e4 e5 7. Bc4 Be7 8.
O-O c6 9. a4 h6 10. Re1 Qc7 11. Qe2 g5 12. Be3 Nf8 13. Nd2 Ng6 14. Ba2 Rh7 15.
a5 Nf4 16. Qf1 Rg7 17. d5 cxd5 18. exd5 Bf5 19. Nb5 Qd7 20. Bxa7 Nxg2 21. Nc4
Nxe1 22. Nb6 Nf3+ 23. Kh1 Qd8 24. Nxa8 Be4 25. Bb6 Qd7 26. Nac7+ Kf8 0-1

[Event "Mondiale Lampo FIDE 2022"]
[Site "Alma Ata"]
[Date "30.12.2022"]
[Round "17.19"]
[White "Mamedov, Rauf"]
[Black "Sargsyan, Shant"]
[Result "1/2-1/2"]
[WhiteTitle ""]
[BlackTitle ""]
[WhiteElo "2646"]
[BlackElo "2645"]
[WhiteFideId "13401653"]
[BlackFideId "13306766"]
[EventDate "29.12.2022"]

1. e4 e5 2. Nc3 Nf6 3. g3 d5 4. exd5 Nxd5 5. Bg2 Nxc3 6. bxc3 Nc6 7. Nf3 Bc5 8.
O-O O-O 9. d3 Bg4 10. h3 Bh5 11. g4 Bg6 12. Bg5 Be7 13. Be3 e4 14. Nd4 Nxd4 15.
cxd4 exd3 16. cxd3 Rb8 17. Rb1 b6 18. Rc1 Bd6 19. Re1 f5 20. gxf5 Bxf5 21. Qh5
Qf6 22. Be4 Bg6 23. Bxg6 Qxg6+ 24. Qxg6 hxg6 25. Kg2 Rf5 26. Rc4 Kf7 27. a4 Rh5
28. Bd2 Re8 29. Re3 Rg5+ 30. Kf1 Rf5 31. Kg2 Re6 32. Bb4 Bxb4 33. Rxb4 Ref6 34.
Rb2 Rd5 35. Rc2 c6 36. Re4 Rfd6 37. Rc4 a5 38. Kf3 b5 39. axb5 cxb5 40. Rc7+ Rd7
41. Rc6 Rxd4 42. Rxd4 Rxd4 43. Ke3 Rd7 44. Ra6 a4 45. d4 Rb7 46. Kd3 b4 47. Rxa4
b3 48. Ra1 b2 49. Rb1 Ke6 50. Kc4 Kd6 51. h4 Rb8 52. f3 Rb7 53. Kd3 Kd5 54. Kc3
Rb8 55. Kd3 Rb3+ 56. Kc2 Rb4 57. Kc3 Rc4+ 58. Kb3 Rxd4 59. Rxb2 Rxh4 60. Rg2 Rh6
61. Kc3 Ke5 62. Rg4 Kf5 63. Kd3 g5 64. Ke3 Rh2 65. Ra4 Rb2 66. Ra5+ Kg6 67. Ra8
g4 68. fxg4 Kg5 69. Kf3 Rb3+ 70. Kg2 Kxg4 71. Ra1 g5 72. Kg1 1/2-1/2

[Event "Mondiale Lampo FIDE 2022"]
[Site "Alma Ata"]
[Date "30.12.2022"]
[Round "17.20"]
[White "Petrosian, Tigran L."]
[Black "Riazantsev, Alexander"]
[Result "1/2-1/2"]
[WhiteTitle ""]
[BlackTitle ""]
[WhiteElo "2551"]
[BlackElo "2626"]
[WhiteFideId "13301616"]
[BlackFideId "4125029"]
[EventDate "29.12.2022"]

1. Nf3 d5 2. g3 Nd7 3. Bg2 e5 4. d3 Ngf6 5. O-O c6 6. Nbd2 Bd6 7. e4 O-O 8. Re1
Re8 9. h3 dxe4 10. dxe4 Qc7 11. Nc4 Bf8 12. a4 a5 13. Bd2 b6 14. Qb1 Bb4 15. c3
Bf8 16. b4 axb4 17. cxb4 b5 18. axb5 Rxa1 19. Qxa1 cxb5 20. Na5 Nb6 21. Bg5 Nfd7
22. Rc1 Nc4 23. Qc3 Ndb6 24. Be3 f6 25. Nb3 Be6 26. Nc5 Bf7 27. Nd2 Nxd2 28.
Qxd2 Nc4 29. Qe1 Nxe3 30. Qxe3 Qb6 31. Bf1 Rc8 32. Rc3 Rc7 33. Qc1 Ra7 34. Qd1
Ra8 35. Qd3 Bc4 36. Rxc4 Rd8 37. Nd7 Qb7 38. Nxf6+ gxf6 39. Qxd8 bxc4 40. Qxf6
Qxe4 41. Qe6+ Kg7 42. Bxc4 Bxb4 43. Qf7+ Kh6 44. Qf6+ Qg6 45. Qxe5 Bd6 46. Qe3+
Kg7 47. Bd3 Qf6 48. Qa7+ Be7 49. h4 h6 50. Qa4 Qe5 51. Qg4+ Kf8 52. Qg6 Qf6 53.
Qh7 Bc5 54. Bf5 Qg7 55. Kg2 Qxh7 56. Bxh7 Kg7 57. Bd3 Bb4 58. Kf3 Be1 59. Ke2
Bc3 60. Kf3 Be1 61. Bc2 Kf6 62. Ke3 h5 63. Ba4 Kg6 64. Be8+ Kh6 65. Kf3 Bb4 66.
Kg2 Be1 67. Kf1 Bb4 68. Bf7 Bc3 69. Ke2 Bb4 70. Ke3 Be1 71. Kf3 Bb4 72. Kg2 Be1
73. Be8 Bb4 74. Kh3 Bc5 75. f3 Bd6 76. Bf7 Bc7 77. Be8 Bd6 78. Kg2 Bb4 79. Kf1
Bd6 80. Kf2 Bc5+ 81. Kg2 Bd6 82. Bf7 Bc7 83. g4 hxg4 84. fxg4 Bd8 85. Kg3 Be7
86. g5+ Bxg5 87. hxg5+ Kxg5 1/2-1/2

[Event "Mondiale Lampo FIDE 2022"]
[Site "Alma Ata"]
[Date "30.12.2022"]
[Round "17.21"]
[White "Andriasian, Zaven"]
[Black "Pantsulaia, Levan"]
[Result "1-0"]
[WhiteTitle ""]
[BlackTitle ""]
[WhiteElo "2580"]
[BlackElo "2597"]
[WhiteFideId "13302000"]
[BlackFideId "13602071"]
[EventDate "29.12.2022"]

1. e4 c6 2. d4 d5 3. e5 Bf5 4. h4 Qb6 5. Ne2 e6 6. Ng3 Ne7 7. Nc3 h6 8. Na4 Qa5+
9. c3 Bh7 10. Nc5 Qc7 11. Bd3 Bxd3 12. Nxd3 Nd7 13. Be3 c5 14. Qf3 Nc6 15. O-O
g6 16. Rac1 c4 17. Nf4 h5 18. Rfe1 Be7 19. Nh3 Bxh4 20. Ng5 Bxg5 21. Bxg5 Ne7
22. b3 Rc8 23. Re3 h4 24. Nf1 Nf5 25. Ree1 Rh5 26. Qg4 Qa5 27. Ne3 Nxe3 28. Rxe3
Qxa2 29. b4 a5 30. bxa5 Qxa5 31. Rf3 b5 32. Qf4 Rh7 33. Bxh4 Qb6 34. Qg5 Qd8 35.
Qxd8+ Rxd8 36. Bxd8 Kxd8 37. Rb1 Ke7 38. Rxb5 Rh8 39. Rb7 Ra8 40. g3 Ra2 41. Kg2
Rc2 42. Kh3 Rc1 43. Ra7 Ke8 44. Kg4 Ke7 45. Kg5 Rh1 46. Rxf7+ Kxf7 47. Rxd7+ Ke8
48. Rd6 Ke7 49. Ra6 Rc1 50. Ra7+ Kd8 51. Ra3 Rc2 52. f4 Rg2 53. g4 Kd7 54. Ra7+
Kd8 55. Kxg6 Rxg4+ 56. Kf6 Rxf4+ 57. Kxe6 Rf3 58. Ra3 1-0

[Event "Mondiale Lampo FIDE 2022"]
[Site "Alma Ata"]
[Date "30.12.2022"]
[Round "17.22"]
[White "Tsydypov, Zhamsaran"]
[Black "Cheparinov, Ivan"]
[Result "1-0"]
[WhiteTitle ""]
[BlackTitle ""]
[WhiteElo "2534"]
[BlackElo "2688"]
[WhiteFideId "4108566"]
[BlackFideId "2905540"]
[EventDate "29.12.2022"]

1. d4 d5 2. Nc3 Nf6 3. Bf4 e6 4. e3 Bb4 5. f3 c5 6. a3 Ba5 7. Ne2 Nc6 8. dxc5 e5
9. Bg5 d4 10. b4 Nxb4 11. axb4 Bxb4 12. exd4 exd4 13. Ra4 Bxc3+ 14. Nxc3 dxc3
15. Bb5+ Ke7 16. Rd4 Qa5 17. Re4+ Kf8 18. Qd6+ Kg8 19. Bxf6 Bf5 20. Bc4 Bxe4 21.
Bxf7+ Kxf7 22. Qe7+ Kg6 23. Qxg7+ Kf5 24. g4+ Ke6 25. Qe7+ Kd5 26. Qxe4+ Kxc5
27. O-O Rae8 28. Qf5+ Kb6 29. Rb1+ Ka6 30. Qd3+ b5 31. Bxc3 Qb6+ 32. Bd4 Qc6 33.
Qa3+ Kb7 34. Qxa7+ Kc8 35. Rb3 Re1+ 36. Kf2 Rhe8 37. Rc3 R8e2+ 38. Kg3 1-0

[Event "Mondiale Lampo FIDE 2022"]
[Site "Alma Ata"]
[Date "30.12.2022"]
[Round "17.23"]
[White "Quparadze, Giga"]
[Black "Esipenko, Andrey"]
[Result "0-1"]
[WhiteTitle ""]
[BlackTitle ""]
[WhiteElo "2470"]
[BlackElo "2678"]
[WhiteFideId "13602250"]
[BlackFideId "24175439"]
[EventDate "29.12.2022"]

1. e4 e5 2. Nf3 Nc6 3. Bb5 a6 4. Ba4 Nf6 5. O-O Be7 6. Re1 b5 7. Bb3 O-O 8. a4
Bb7 9. d3 d6 10. Bd2 Qd7 11. Nc3 Nd4 12. Nxd4 exd4 13. Ne2 c5 14. Ng3 d5 15. e5
Ne8 16. Qf3 g6 17. axb5 axb5 18. Rxa8 Bxa8 19. Ra1 Bc6 20. c3 dxc3 21. bxc3 c4
22. Bc2 d4 23. Qe2 dxc3 24. Bh6 Qd5 25. Ne4 cxd3 26. Qxd3 b4 27. Bxf8 Kxf8 28.
Qxd5 Bxd5 29. Rb1 Ba2 30. Ra1 Bd5 31. Rb1 Kg7 32. f3 f5 33. exf6+ Nxf6 34. Nxf6
Kxf6 35. Kf2 Ba2 36. Rb3 Ke5 37. Ke3 Kd5 38. Kd3 Kc5 39. Rb1 Bg5 40. Rb3 Bf4 41.
g3 Bd2 42. Rb1 Bxb1 43. Bxb1 b3 44. f4 Be1 45. g4 Kd6 46. h3 Kd5 47. h4 c2 48.
Bxc2 bxc2 49. Kxc2 Bxh4 50. Kd3 Be7 51. Ke3 Bd6 52. Kf3 Kd4 53. f5 g5 54. f6 Ke5 0-1

[Event "Mondiale Lampo FIDE 2022"]
[Site "Alma Ata"]
[Date "30.12.2022"]
[Round "17.24"]
[White "Aravindh, Chithambaram VR."]
[Black "Vachier-Lagrave, Maxime"]
[Result "0-1"]
[WhiteTitle ""]
[BlackTitle ""]
[WhiteElo "2607"]
[BlackElo "2737"]
[WhiteFideId "5072786"]
[BlackFideId "623539"]
[EventDate "29.12.2022"]

1. Nf3 d5 2. e3 Nf6 3. d4 e6 4. Bd3 Bd6 5. O-O O-O 6. b3 b6 7. Bb2 Bb7 8. Nbd2
c5 9. Ne5 Qc7 10. f4 Nc6 11. a3 Ne7 12. Rf3 Ne4 13. Rh3 f6 14. Qh5 h6 15. Ng4
Nf5 16. Nxe4 dxe4 17. Bc4 Qf7 18. dxc5 Bxc5 19. b4 Be7 20. Nf2 Rad8 21. Qe2 Bd5
22. Re1 Nd6 23. Bxd5 exd5 24. g4 f5 25. Kh1 Bf6 26. Be5 Bxe5 27. fxe5 Nc4 28.
gxf5 Qxf5 29. Ng4 Nxe5 30. Nxe5 Qxh3 31. Rg1 Rf5 32. Ng6 Qf3+ 33. Qxf3 Rxf3 34.
Nh4 Rf2 0-1

[Event "Mondiale Lampo FIDE 2022"]
[Site "Alma Ata"]
[Date "30.12.2022"]
[Round "17.25"]
[White "Ponkratov, Pavel"]
[Black "Mamedyarov, Shakhriyar"]
[Result "1-0"]
[WhiteTitle ""]
[BlackTitle ""]
[WhiteElo "2577"]
[BlackElo "2740"]
[WhiteFideId "4157800"]
[BlackFideId "13401319"]
[EventDate "29.12.2022"]

1. g3 Nf6 2. Bg2 d5 3. c4 dxc4 4. Qa4+ c6 5. Qxc4 e5 6. Qc2 h6 7. Nc3 Be6 8. Nf3
Nbd7 9. d4 Bd6 10. O-O O-O 11. Rd1 Qe7 12. dxe5 Nxe5 13. Nd4 Rfd8 14. Nxe6 Qxe6
15. h3 Bc5 16. Bd2 h5 17. Bg5 Be7 18. Na4 Rxd1+ 19. Qxd1 Rd8 20. Qc2 b6 21. Nc3
Ne8 22. Bxe7 Qxe7 23. Qa4 Nf6 24. Rd1 Rxd1+ 25. Qxd1 c5 26. Qa4 g6 27. Qf4 Kg7
28. Qa4 g5 29. Nd1 Qd7 30. Qc2 Nd5 31. a3 f6 32. Qb3 c4 33. Qc2 b5 34. Bxd5 Qxd5
35. Ne3 Qd7 36. Kh2 a6 37. Qe4 Qd2 38. Nf5+ Kg6 39. f4 gxf4 40. gxf4 Nf3+ 41.
Kg3 Ne1 1-0

[Event "Mondiale Lampo FIDE 2022"]
[Site "Alma Ata"]
[Date "30.12.2022"]
[Round "17.26"]
[White "Svane, Rasmus"]
[Black "Paravyan, David"]
[Result "1-0"]
[WhiteTitle ""]
[BlackTitle ""]
[WhiteElo "2622"]
[BlackElo "2586"]
[WhiteFideId "4657101"]
[BlackFideId "4194985"]
[EventDate "29.12.2022"]

1. d4 Nf6 2. Nf3 g6 3. Nbd2 d5 4. b3 Bg7 5. Bb2 O-O 6. e3 Bg4 7. Be2 c5 8. dxc5
Bxf3 9. Bxf3 Na6 10. O-O Nxc5 11. c4 Rc8 12. Qe2 Nfe4 13. Bxg7 Kxg7 14. cxd5
Qxd5 15. Nxe4 Nxe4 16. Qb2+ f6 17. Rad1 Qe6 18. Rd4 Nc3 19. Bxb7 Rc7 20. Bf3
Rfc8 21. h3 Qe5 22. Qd2 a5 23. Kh1 a4 24. bxa4 Qe6 25. a3 h5 26. a5 Qb3 27. a6
Qxa3 28. Bb7 Rb8 29. Rd7 Rxd7 30. Qxd7 Na4 31. a7 1-0

[Event "Mondiale Lampo FIDE 2022"]
[Site "Alma Ata"]
[Date "30.12.2022"]
[Round "17.27"]
[White "Maghsoodloo, Parham"]
[Black "Makhnev, Denis"]
[Result "0-1"]
[WhiteTitle ""]
[BlackTitle ""]
[WhiteElo "2719"]
[BlackElo "2481"]
[WhiteFideId "12539929"]
[BlackFideId "13707647"]
[EventDate "29.12.2022"]

1. d4 Nf6 2. c4 e6 3. Nc3 Bb4 4. Nf3 b6 5. Qb3 a5 6. a3 Bxc3+ 7. Qxc3 a4 8. Qc2
Bb7 9. Bg5 d6 10. e3 Nbd7 11. Bd3 h6 12. Bh4 Qe7 13. e4 e5 14. O-O O-O 15. Rfe1
Rfe8 16. Rad1 Qf8 17. c5 bxc5 18. dxe5 Nxe5 19. Nxe5 Rxe5 20. f4 Re6 21. e5 Nd5
22. Be4 c6 23. Bf5 Ree8 24. Bd7 Reb8 25. e6 fxe6 26. Bxe6+ Kh8 27. f5 Nf6 28.
Bxf6 Qxf6 29. Rxd6 Rd8 30. Red1 Rxd6 31. Rxd6 Rf8 32. h3 Bc8 33. Qe2 Re8 34.
Rxc6 Qd4+ 35. Qf2 Qd1+ 36. Kh2 Bxe6 37. fxe6 Qd5 38. Qf3 Qe5+ 39. Qg3 Rxe6 40.
Rxe6 Qxe6 41. Qb8+ Kh7 42. Qf4 c4 43. h4 Kg6 44. Kg3 Qd5 45. Qg4+ Kf6 46. Qf3+
Ke5 47. Qxd5+ Kxd5 48. Kf3 c3 49. bxc3 Kc4 50. Kf4 Kb3 51. Ke5 Kxa3 52. c4 Kb4
53. Kd5 0-1

[Event "Mondiale Lampo FIDE 2022"]
[Site "Alma Ata"]
[Date "30.12.2022"]
[Round "17.28"]
[White "Nguyen, Thai Dai Van"]
[Black "Vidit, Santosh Gujrathi"]
[Result "1/2-1/2"]
[WhiteTitle ""]
[BlackTitle ""]
[WhiteElo "2656"]
[BlackElo "2730"]
[WhiteFideId "358878"]
[BlackFideId "5029465"]
[EventDate "29.12.2022"]

1. Nf3 d5 2. d4 Nf6 3. c4 e6 4. Nc3 a6 5. cxd5 exd5 6. Bg5 Be6 7. e3 Nbd7 8. Bd3
Bd6 9. O-O O-O 10. Qc2 h6 11. Bf4 Qe7 12. h3 Rfe8 13. Rfe1 c6 14. a3 Nb6 15. Ne2
Qc7 16. Rac1 a5 17. Bxd6 Qxd6 18. Qc5 Qxc5 19. dxc5 Nbd7 20. b3 Ne4 21. Bxe4
dxe4 22. Nfd4 Ne5 23. Red1 Nd3 24. Rc3 Bd5 25. f3 Ne5 26. f4 Nd3 27. Nc1 Nxc1
28. Rcxc1 h5 29. Kf2 h4 30. Rc3 g6 31. Nb5 Red8 32. Nc7 Rac8 33. Nxd5 cxd5 34.
b4 f5 35. bxa5 Rc7 36. Rd4 Kf7 37. g3 hxg3+ 38. Kxg3 Ra8 39. Rxd5 Rxa5 40. Kh4
Kf6 41. Rd6+ Kf7 42. Kg5 Rcxc5 43. Rf6+ Ke7 44. Rxc5 Rxc5 45. Rxg6 Rc3 46. Kxf5
Rxe3 47. h4 Rxa3 48. Rg7+ Kf8 49. Rxb7 e3 50. Rb2 Kf7 51. Re2 Ra5+ 52. Kg4 Ra3
53. Kf3 Kf6 54. Rxe3 Ra1 55. Kg4 Rg1+ 56. Rg3 Ra1 57. h5 Rh1 58. Rg2 Ra1 59. Rg3
Rh1 60. Rh3 Rg1+ 61. Kf3 Kg7 62. Ke4 Kh6 63. Kf5 Ra1 64. Re3 Ra5+ 65. Re5 Ra4
66. Kg4 Ra1 67. Re6+ Kg7 68. h6+ Kh7 69. Kg5 Rg1+ 70. Kf5 Ra1 71. Rd6 Rb1 72.
Kg4 Rg1+ 73. Kh5 Rh1+ 74. Kg5 Rg1+ 75. Kf5 Rb1 76. Ra6 Rc1 77. Rb6 Ra1 78. Rd6
Rb1 79. Re6 Ra1 80. Ke5 Re1+ 81. Kd6 Rf1 82. Rf6 Ra1 83. f5 Ra6+ 84. Ke5 Ra5+
85. Kf4 Ra1 86. Re6 Rf1+ 87. Ke5 Ra1 88. Rd6 Re1+ 89. Kf4 Rf1+ 90. Kg5 Rg1+ 91.
Kf6 Kxh6 92. Rd2 Kh7 93. Ke6 Kg7 94. Rd7+ Kg8 95. Rd8+ Kh7 96. f6 Re1+ 97. Kf7
Ra1 98. Rd7 Ra8 99. Re7 Rb8 100. Ra7 Kh6 101. Rc7 Ra8 102. Rb7 Kh7 103. Rc7 Kh6
104. Rc2 Ra7+ 105. Ke6 Ra6+ 106. Ke7 Ra7+ 107. Ke6 Ra6+ 108. Kf7 Ra7+ 1/2-1/2

[Event "Mondiale Lampo FIDE 2022"]
[Site "Alma Ata"]
[Date "30.12.2022"]
[Round "17.29"]
[White "Zhigalko, Sergei"]
[Black "Nesterov, Arseniy"]
[Result "1-0"]
[WhiteTitle ""]
[BlackTitle ""]
[WhiteElo "2572"]
[BlackElo "2573"]
[WhiteFideId "13502956"]
[BlackFideId "24198455"]
[EventDate "29.12.2022"]

1. e4 e5 2. Nf3 Nf6 3. d4 Nxe4 4. Bd3 d5 5. Nxe5 Nd7 6. Nxd7 Bxd7 7. O-O Bd6 8.
Nc3 Nxc3 9. bxc3 O-O 10. Qh5 f5 11. Re1 c6 12. c4 Qa5 13. Rd1 Qc3 14. Bd2 Qxd4
15. cxd5 cxd5 16. Rab1 g6 17. Qf3 Bc6 18. Bb5 Qe4 19. Qb3 a6 20. Bd3 Qe5 21. g3
f4 22. Re1 Qf6 23. Re2 Rae8 24. Rxe8 Rxe8 25. c4 fxg3 26. hxg3 Bc5 27. Rf1 d4
28. f4 Qe6 29. f5 gxf5 30. Rxf5 b6 31. Qd1 Kh8 32. Qh5 Qg6 33. Rf8+ Kg7 34. Bxg6
d3+ 35. Kf1 Rxf8+ 36. Bf5 Rf7 37. Ke1 Kg8 38. Be6 1-0